[Event "IX Festival A"]
[Site "Trieste ITA"]
[Date "2007.09.02"]
[Round "2"]
[White "Efimov, Igor"]
[Black "Schlosser, Philipp"]
[Result "0-1"]
[WhiteElo "2426"]
[BlackElo "2562"]
[PlyCount "102"]
[EventDate "2007.09.01"]

1. d4 Nf6 2. c4 e6 3. Nf3 b6 4. Bg5 Bb7 5. e3 h6 6. Bh4 g5 7. Bg3 Ne4 8. Nfd2
Nxg3 9. hxg3 Bg7 10. Nc3 Qe7 11. g4 c5 12. dxc5 Bxc3 13. bxc3 Qxc5 14. Qc2 Ke7
15. Rh5 d6 16. Nb3 Qc7 17. Nd4 Nd7 18. Rd1 a6 19. Rh3 Ne5 20. Qe2 Qc5 21. f4
Nd7 22. Rb1 d5 23. Rb4 a5 24. Rb5 Qxc4 25. Qxc4 dxc4 26. fxg5 Ba6 27. Rb2 hxg5
28. Rh5 f6 29. Be2 Kd6 30. Rd2 Ne5 31. Rb2 Rxh5 32. gxh5 Rb8 33. g4 Bc8 34. Rd2
Ke7 35. Bxc4 Nxc4 36. Nc6+ Kf7 37. Rd4 Nxe3 38. Kd2 Nf1+ 39. Ke1 Nh2 40. Nxb8
Nf3+ 41. Kf2 Nxd4 42. cxd4 Bb7 43. a4 Bd5 44. Nd7 b5 45. Nc5 bxa4 46. Nxa4 Bb3
47. Nc3 a4 48. Nb5 Kg7 49. Kg3 Kh6 50. Na3 f5 51. Nb5 fxg4 0-1

[Event "IX Festival A"]
[Site "Trieste ITA"]
[Date "2007.09.02"]
[Round "2"]
[White "Elias, Leonardo"]
[Black "Riondino, Michele"]
[Result "1/2-1/2"]
[WhiteElo "2122"]
[BlackElo "1991"]
[PlyCount "117"]
[EventDate "2007.09.01"]

1. e4 e5 2. f4 exf4 3. Nf3 g5 4. h4 g4 5. Ne5 d6 6. Nxg4 Nf6 7. Nxf6+ Qxf6 8.
Nc3 c6 9. d3 Bh6 10. Qf3 Nd7 11. Be2 Rg8 12. Qf2 Ne5 13. Rf1 Ng4 14. Bxg4 Rxg4
15. g3 Qg7 16. gxf4 Rg2 17. Qe3 Rxc2 18. Kd1 Rg2 19. Bd2 Rg3 20. Qf2 Bh3 21.
Re1 Bg4+ 22. Kc2 Rf3 23. Qg1 Bxf4 24. Bxf4 Rxf4 25. Rf1 Rxf1 26. Rxf1 h5 27.
Ne2 Qe5 28. Ng3 O-O-O 29. d4 Qe7 30. Qe3 Rg8 31. Qf4 Be6 32. Nf5 Bxf5 33. Qxf5+
Qe6 34. d5 Rg2+ 35. Kc3 Rg3+ 36. Kd2 Rg2+ 37. Kc3 Qxf5 38. Rxf5 Rg4 39. Rxh5
Rxe4 40. dxc6 bxc6 41. Rh8+ Kb7 42. Kd3 f5 43. h5 Rh4 44. h6 Rh3+ 45. Kd2 Rh2+
46. Kc3 f4 47. h7 d5 48. Kd3 Ka6 49. Rc8 Rxh7 50. Rxc6+ Kb7 51. Rf6 Rh2 52. Kc3
d4+ 53. Kxd4 Rxb2 54. Rxf4 Rxa2 55. Kc3 Rh2 56. Kb4 Rb2+ 57. Ka3 Rg2 58. Rf7+
Kb6 59. Rf6+ 1/2-1/2

[Event "IX Festival A"]
[Site "Trieste ITA"]
[Date "2007.09.02"]
[Round "2"]
[White "Heikkila, Antti"]
[Black "Marzano, Carlo"]
[Result "0-1"]
[WhiteElo "2071"]
[BlackElo "2230"]
[PlyCount "62"]
[EventDate "2007.09.01"]

1. c4 Nc6 2. g3 e5 3. Bg2 d6 4. Nc3 Be6 5. Nf3 Bxc4 6. d4 Qd7 7. d5 Nd8 8. h4
Ne7 9. Bh3 f5 10. e4 g6 11. h5 Bg7 12. h6 Bf6 13. exf5 gxf5 14. Nh4 Bxh4 15.
Qh5+ Nf7 16. gxh4 Rg8 17. Be3 c6 18. dxc6 Qxc6 19. O-O-O Be6 20. Rhg1 Rg6 21.
Qe2 d5 22. Rxg6 Nxg6 23. Bg2 O-O-O 24. Bxa7 Nf4 25. Qf1 Nxg2 26. Qxg2 d4 27.
Qxc6+ bxc6 28. Na4 Bxa2 29. Rg1 Kb7 30. Rg7 Kxa7 31. Rxf7+ Bxf7 0-1

[Event "IX Festival A"]
[Site "Trieste ITA"]
[Date "2007.09.02"]
[Round "2"]
[White "Miele, Roberto"]
[Black "Capaliku, Aleks"]
[Result "0-1"]
[WhiteElo "1900"]
[BlackElo "2112"]
[PlyCount "134"]
[EventDate "2007.09.01"]

1. e4 c5 2. Nf3 e6 3. d4 cxd4 4. Nxd4 Nf6 5. Nc3 d6 6. Bc4 a6 7. Bb3 b5 8. f3
Bb7 9. Be3 b4 10. Na4 Nbd7 11. Qd2 Qa5 12. a3 d5 13. axb4 Bxb4 14. c3 Be7 15.
exd5 Nxd5 16. Bxd5 Bxd5 17. O-O Ne5 18. b4 Qc7 19. Nb2 Nc4 20. Nxc4 Qxc4 21.
Ra5 O-O 22. Rc1 Rfd8 23. Qe1 Bf8 24. Rca1 Rdc8 25. Bd2 Bd6 26. Qe3 f6 27. Nc2
Qc7 28. f4 Qb7 29. Qf2 e5 30. Ne3 Bf7 31. Nf5 Bb8 32. Qg3 Bg6 33. Qg4 exf4 34.
Ne7+ Qxe7 35. Qxc8+ Be8 36. Qc4+ Bf7 37. Qc8+ Be8 38. Qf5 Ba7+ 39. Kh1 Rd8 40.
Rd5 g6 41. Qd3 Rb8 42. Bxf4 Rb6 43. Be3 Re6 44. Bxa7 Qxa7 45. Rd6 Re5 46. Rdxa6
Qf2 47. Qf1 Qxf1+ 48. Rxf1 Bb5 49. Ra8+ Kg7 50. Rc1 Re2 51. Kg1 Bc6 52. Ra7+
Kh6 53. Rc7 Bxg2 54. Rd1 Be4 55. Rdd7 g5 56. Re7 g4 57. Re6 Kg5 58. Rc5+ f5 59.
Kf1 Re3 60. Kf2 Kf4 61. b5 Rh3 62. Kg1 Rd3 63. Kf2 Rd2+ 64. Ke1 Rxh2 65. Rxe4+
Kxe4 66. Rc4+ Ke3 67. Kd1 g3 0-1

[Event "IX Festival A"]
[Site "Trieste ITA"]
[Date "2007.09.02"]
[Round "2"]
[White "Milazzo, Mario"]
[Black "Tonon, Alessandro"]
[Result "0-1"]
[WhiteElo "1971"]
[BlackElo "2186"]
[PlyCount "32"]
[EventDate "2007.09.01"]

1. e4 c5 2. d4 cxd4 3. c3 dxc3 4. Nxc3 Nc6 5. Nf3 d6 6. Bc4 e6 7. O-O Nf6 8.
Qe2 Be7 9. Rd1 Qc7 10. Bf4 a6 11. Rac1 O-O 12. e5 Nh5 13. Bg5 dxe5 14. Bxe7 Nf4
15. Qe3 Qxe7 16. Nxe5 Qg5 0-1

[Event "IX Festival A"]
[Site "Trieste ITA"]
[Date "2007.09.02"]
[Round "2"]
[White "Panican, Gheorghe"]
[Black "Pasquotto, Mirko"]
[Result "1-0"]
[WhiteElo "2106"]
[BlackElo "1960"]
[PlyCount "109"]
[EventDate "2007.09.01"]

1. e4 c5 2. Nf3 d6 3. d4 cxd4 4. Nxd4 Nf6 5. Nc3 a6 6. Bg5 e6 7. Qd2 Be7 8.
O-O-O Nbd7 9. f3 Qc7 10. h4 O-O 11. h5 h6 12. Be3 b5 13. g4 Nh7 14. f4 b4 15.
Nce2 Nc5 16. Ng3 e5 17. Ndf5 Bxf5 18. Nxf5 Nxe4 19. Qxb4 Nc5 20. fxe5 Rab8 21.
Qa3 Rfc8 22. Nxe7+ Qxe7 23. exd6 Qe4 24. Rh2 Nb3+ 25. axb3 Qxe3+ 26. Kb1 Qe5
27. Rhd2 Nf6 28. d7 Rd8 29. Qa4 a5 30. Rd4 Rb4 31. Rxb4 axb4 32. Qxb4 Rxd7 33.
Rxd7 Nxd7 34. Bd3 Qg3 35. Qa4 Qe1+ 36. Ka2 Qe7 37. Qe4 Qxe4 38. Bxe4 Ne5 39.
Bf5 Kf8 40. b4 Ke7 41. Kb3 Kd6 42. c4 g6 43. hxg6 fxg6 44. Be4 Nxg4 45. Bxg6
Nf6 46. Kc3 h5 47. Kd4 h4 48. Bf5 Nh5 49. b5 Kc7 50. c5 Nf4 51. b6+ Kb7 52. Ke5
Ne2 53. Kd6 Nd4 54. Be4+ Kb8 55. c6 1-0

[Event "IX Festival A"]
[Site "Trieste ITA"]
[Date "2007.09.02"]
[Round "2"]
[White "Stock, Lara"]
[Black "Bosiocic, Marin"]
[Result "1-0"]
[WhiteElo "2297"]
[BlackElo "2496"]
[PlyCount "87"]
[EventDate "2007.09.01"]

1. c4 g6 2. Nc3 Bg7 3. g3 e5 4. Bg2 d6 5. e4 Nc6 6. Nge2 Nge7 7. d3 Nd4 8. O-O
O-O 9. Be3 a5 10. f4 c6 11. Qd2 Be6 12. fxe5 dxe5 13. Na4 b6 14. Nxd4 exd4 15.
Bh6 c5 16. Bxg7 Kxg7 17. Qf4 Rb8 18. g4 h6 19. h4 g5 20. hxg5 hxg5 21. Qf6+ Kg8
22. Qxg5+ Ng6 23. Rf6 Kg7 24. Raf1 Rh8 25. Rxg6+ fxg6 26. Qe5+ Kh6 27. Qxe6 Qg5
28. Qf6 Qe3+ 29. Qf2 Qxf2+ 30. Kxf2 Kg5 31. Kg3 Rh4 32. Rf4 Rh7 33. b4 Re7 34.
Nb2 b5 35. cxb5 Rxb5 36. Nc4 Rxb4 37. Nxa5 Rb6 38. Rf2 Ra6 39. Nc4 Rea7 40. a4
Rb7 41. Nd2 Kh6 42. Rf8 Rc7 43. e5 Rb6 44. Be4 1-0

[Event "IX Festival A"]
[Site "Trieste ITA"]
[Date "2007.09.02"]
[Round "2"]
[White "Tonel, Giulia"]
[Black "Jeran, Bostjan"]
[Result "0-1"]
[WhiteElo "1934"]
[BlackElo "2153"]
[PlyCount "68"]
[EventDate "2007.09.01"]

1. e4 g6 2. d4 Bg7 3. Nf3 d6 4. h3 Nf6 5. Bd3 O-O 6. O-O Nbd7 7. b3 c5 8. Bb2
cxd4 9. Nxd4 Nh5 10. Qd2 Nc5 11. c4 Nxd3 12. Qxd3 Nf4 13. Qd2 e5 14. Nf3 Qf6
15. Qd1 Be6 16. Nc3 a6 17. Kh2 Rfd8 18. Ng1 b5 19. Nd5 Nxd5 20. cxd5 Bd7 21.
Qd2 Qh4 22. g3 Bh6 23. f4 Qe7 24. Rae1 Rac8 25. Rf2 Rc5 26. Ref1 Rdc8 27. Qb4
a5 28. Qxa5 exf4 29. Qb4 fxg3+ 30. Kxg3 Be3 31. Re2 Qg5+ 32. Kh2 Rc2 33. Qxd6
Bxg1+ 34. Rxg1 Rxe2+ 0-1

[Event "IX Festival A"]
[Site "Trieste ITA"]
[Date "2007.09.02"]
[Round "3"]
[White "Aroven, Mikael"]
[Black "Bagaturov, Giorgi"]
[Result "0-1"]
[WhiteElo "2169"]
[BlackElo "2474"]
[PlyCount "58"]
[EventDate "2007.09.01"]

1. c4 g6 2. g3 Bg7 3. Bg2 c5 4. Nc3 Nc6 5. a3 d6 6. Nf3 Nf6 7. O-O O-O 8. Rb1
b6 9. b4 Bb7 10. Qb3 e6 11. d3 Qe7 12. Bg5 h6 13. Bd2 Nd7 14. Be3 Rac8 15. Na4
Ba8 16. Rfc1 f5 17. Qd1 g5 18. bxc5 dxc5 19. Nc3 Nce5 20. Nxe5 Nxe5 21. Bxa8
Rxa8 22. Bd2 Rad8 23. Qe1 Rxd3 24. f4 gxf4 25. gxf4 Qd7 26. Rd1 Rd8 27. Be3
Nf3+ 28. exf3 Bxc3 29. Rxd3 Qxd3 0-1

[Event "IX Festival A"]
[Site "Trieste ITA"]
[Date "2007.09.02"]
[Round "3"]
[White "Bevilacqua, Andrea"]
[Black "Bussa, Paolo"]
[Result "0-1"]
[WhiteElo "2102"]
[BlackElo "1891"]
[PlyCount "126"]
[EventDate "2007.09.01"]

1. e4 c6 2. d4 d5 3. Nc3 dxe4 4. Nxe4 Nd7 5. g3 Ngf6 6. Nxf6+ Nxf6 7. Bg2 Bf5
8. Ne2 e6 9. O-O Be7 10. Be3 O-O 11. h3 Qc7 12. c3 Rfd8 13. Qc1 Rac8 14. Nf4 b6
15. g4 Bg6 16. Nxg6 hxg6 17. f4 c5 18. Qe1 cxd4 19. Bxd4 Bc5 20. Bxc5 Qxc5+ 21.
Qf2 Qxf2+ 22. Rxf2 Rd6 23. Re2 Rcd8 24. Rae1 Rd2 25. Kf2 Kf8 26. Rxd2 Rxd2+ 27.
Re2 Rd1 28. Ke3 Ke7 29. c4 Nd7 30. Rd2 Rc1 31. Kd4 f6 32. b4 Kd6 33. Kd3 e5 34.
Ke3+ Ke7 35. Bd5 Rc3+ 36. Ke4 exf4 37. Kxf4 Rxh3 38. Rc2 Kd6 39. Rd2 Ne5 40.
Bf3+ Kc7 41. Be2 Rc3 42. Rd4 Rc2 43. Ke3 Rxa2 44. Rd1 Rb2 45. b5 Rb3+ 46. Kd4
Rg3 47. Ra1 Kb8 48. Rh1 Nxg4 49. Rh7 Nh6 50. Kd5 Rg5+ 51. Kd6 Rc5 52. Bd3 Nf7+
53. Ke7 Rc7+ 54. Ke8 Ne5 55. Be2 Nxc4 56. Rh3 Nd6+ 57. Kd8 Rc5 58. Rb3 f5 59.
Kd7 Ne4 60. Re3 g5 61. Bf1 Nf6+ 62. Kd6 Rc8 63. Rh3 g4 0-1

[Event "IX Festival A"]
[Site "Trieste ITA"]
[Date "2007.09.02"]
[Round "3"]
[White "Bosiocic, Marin"]
[Black "Marzano, Carlo"]
[Result "1-0"]
[WhiteElo "2496"]
[BlackElo "2230"]
[PlyCount "73"]
[EventDate "2007.09.01"]

1. e4 Nc6 2. Nf3 d6 3. d4 Nf6 4. Nc3 Bg4 5. Be3 e5 6. Bb5 exd4 7. Qxd4 Be7 8.
O-O-O O-O 9. Bxc6 bxc6 10. e5 Bxf3 11. gxf3 dxe5 12. Qxe5 Bd6 13. Qg5 Nd7 14.
Qg2 f5 15. Rhg1 Qf6 16. f4 c5 17. Nd5 Qf7 18. Bd2 Kh8 19. Qf3 Rae8 20. Bc3 Rg8
21. Rg5 Re4 22. Rh5 Qg6 23. Qh3 Nb6 24. Rh6 Qxh6 25. Qxh6 Nxd5 26. Qh3 Nxc3 27.
Qxc3 Rxf4 28. Qa5 Rxf2 29. Qxa7 Rxh2 30. a4 f4 31. Qb7 Re2 32. a5 Ree8 33. Rh1
g5 34. Qd5 g4 35. Qf7 Rg7 36. Qxe8+ Rg8 37. Qxg8+ 1-0

[Event "IX Festival A"]
[Site "Trieste ITA"]
[Date "2007.09.02"]
[Round "3"]
[White "Capaliku, Aleks"]
[Black "Elias, Leonardo"]
[Result "1-0"]
[WhiteElo "2112"]
[BlackElo "2122"]
[PlyCount "83"]
[EventDate "2007.09.01"]

1. f4 d5 2. Nf3 c5 3. b3 Nf6 4. e3 Nc6 5. Bb5 Bd7 6. Bb2 e6 7. O-O Be7 8. d3
O-O 9. Nbd2 b6 10. Qe2 a6 11. Bxc6 Bxc6 12. Ne5 Bb7 13. g4 Ne8 14. g5 Nd6 15.
Qg4 Nf5 16. Rf3 f6 17. gxf6 Bxf6 18. Rh3 Qe8 19. Re1 d4 20. e4 Ne3 21. Rexe3
Bxe5 22. Ref3 Bc7 23. Rh6 Qf7 24. Rh4 Rae8 25. Nf1 Bd8 26. Rh5 Qg6 27. h3 Qxg4+
28. hxg4 Bc7 29. Bc1 g6 30. Rhh3 Rf7 31. Rf2 Ref8 32. Rhf3 h6 33. Ng3 g5 34. f5
Bxg3 35. Rxg3 Kg7 36. Rh2 Bc6 37. Rgh3 Rf6 38. e5 R6f7 39. f6+ Kg8 40. Rxh6 Rb7
41. Bxg5 b5 42. Bd2 1-0

[Event "IX Festival A"]
[Site "Trieste ITA"]
[Date "2007.09.02"]
[Round "3"]
[White "Hendriks, Willy"]
[Black "Brunello, Sabino"]
[Result "1-0"]
[WhiteElo "2420"]
[BlackElo "2475"]
[PlyCount "69"]
[EventDate "2007.09.01"]

1. e4 e5 2. Bc4 Nc6 3. d3 Nf6 4. Nf3 Bc5 5. c3 O-O 6. Nbd2 d5 7. exd5 Nxd5 8.
O-O Nb6 9. Bb5 Bd6 10. a4 a6 11. Bxc6 bxc6 12. a5 Nd5 13. Nc4 Qf6 14. d4 e4 15.
Nfe5 Qe6 16. f4 Ne7 17. Ne3 f6 18. N5c4 Rb8 19. b4 f5 20. Bd2 g5 21. g3 gxf4
22. gxf4 Ng6 23. Nxd6 cxd6 24. Be1 d5 25. Qh5 Rb7 26. Ra2 Rg7 27. Rg2 Kh8 28.
Kh1 Rfg8 29. Qh6 Bd7 30. Rfg1 Qd6 31. Bg3 Qf6 32. Bf2 Qd6 33. Bh4 Bc8 34. Bg5
Bd7 35. h4 1-0

[Event "IX Festival A"]
[Site "Trieste ITA"]
[Date "2007.09.02"]
[Round "3"]
[White "Mazi, Leon"]
[Black "Komarov, Dimitri"]
[Result "1/2-1/2"]
[WhiteElo "2352"]
[BlackElo "2550"]
[PlyCount "46"]
[EventDate "2007.09.01"]

1. e4 e6 2. d3 d5 3. Nd2 Nf6 4. Ngf3 b6 5. c3 c5 6. Be2 Qc7 7. O-O Nc6 8. Re1
Bb7 9. a3 Bd6 10. Bf1 O-O 11. g3 Rad8 12. Qa4 a6 13. Bg2 b5 14. Qc2 h6 15. Nf1
d4 16. cxd4 Nxd4 17. Nxd4 cxd4 18. Qe2 Nd7 19. b4 a5 20. Bd2 axb4 21. axb4 Ra8
22. Rec1 Qb6 23. f4 Rxa1 1/2-1/2

[Event "IX Festival A"]
[Site "Trieste ITA"]
[Date "2007.09.02"]
[Round "3"]
[White "Pasquotto, Mirko"]
[Black "Miele, Roberto"]
[Result "1-0"]
[WhiteElo "1960"]
[BlackElo "1900"]
[PlyCount "141"]
[EventDate "2007.09.01"]

1. e4 e5 2. Nf3 Nc6 3. Bb5 a6 4. Ba4 Nf6 5. O-O b5 6. Bb3 Be7 7. Re1 O-O 8. c3
d5 9. exd5 e4 10. Ng5 Ne5 11. Nxe4 Nxe4 12. Rxe4 Nd3 13. Bc2 Nxc1 14. Qxc1 Bd6
15. d4 f5 16. Re2 Rf6 17. Qg5 Bxh2+ 18. Kf1 Bd6 19. Nd2 Qf8 20. Nf3 Rg6 21. Qd2
Rh6 22. Kg1 Bd7 23. Ne5 Qe7 24. g3 Bxe5 25. Rxe5 Qf7 26. Qe2 Re8 27. Bb3 Rd6
28. Re1 f4 29. Re7 Qf5 30. Qe5 Qg6 31. Qxf4 Rf8 32. Qe3 Kh8 33. Qd2 Bg4 34. Bc2
Qh5 35. Be4 Rdf6 36. f4 Rh6 37. Re5 Qf7 38. Bg2 Bh3 39. Qe3 Bxg2 40. Kxg2 Qd7
41. Rh1 Rhf6 42. Qe4 h6 43. Re7 Qg4 44. Re8 Qd7 45. Rxf8+ Rxf8 46. Re1 Rd8 47.
Qe6 Qxd5+ 48. Qxd5 Rxd5 49. Re7 c5 50. Re5 Rd6 51. Rxc5 Kg8 52. Kf3 Kf7 53. g4
g6 54. Rc7+ Kg8 55. Re7 b4 56. Ke4 bxc3 57. bxc3 Rf6 58. Kd3 h5 59. gxh5 gxh5
60. c4 h4 61. c5 h3 62. Re1 Rxf4 63. c6 h2 64. d5 Rh4 65. Rh1 Kf7 66. c7 Rh8
67. Rxh2 Rc8 68. Rh7+ Kg6 69. Rd7 Kf6 70. d6 Rh8 71. Rd8 1-0

[Event "IX Festival A"]
[Site "Trieste ITA"]
[Date "2007.09.02"]
[Round "3"]
[White "Ramesa, Davor"]
[Black "Panican, Gheorghe"]
[Result "1-0"]
[WhiteElo "2310"]
[BlackElo "2106"]
[PlyCount "93"]
[EventDate "2007.09.01"]

1. Nf3 Nf6 2. c4 g6 3. Nc3 Bg7 4. e4 d6 5. d4 O-O 6. Be2 c5 7. O-O cxd4 8. Nxd4
Nc6 9. Be3 Bd7 10. f3 Nxd4 11. Bxd4 Ne8 12. Be3 Qa5 13. Rb1 Bxc3 14. bxc3 b6
15. Qd2 Nc7 16. f4 Bc6 17. Bf3 Rad8 18. f5 Qa6 19. Bd4 e5 20. Bf2 f6 21. fxg6
hxg6 22. Qh6 Rd7 23. Qxg6+ Rg7 24. Qf5 Qxc4 25. Be3 Bd7 26. Qh5 Rh7 27. Bh6 Qf7
28. Qxf7+ Rfxf7 29. Be3 Bc6 30. Rbd1 Rd7 31. Bg4 Ne8 32. Be6+ Kh8 33. Bxd7 Rxd7
34. Rfe1 Rg7 35. g3 Rg4 36. Bf2 Rxe4 37. Rxe4 Bxe4 38. a4 d5 39. a5 bxa5 40.
Ra1 Nd6 41. Rxa5 Nc4 42. Rxa7 Nd2 43. h4 d4 44. cxd4 exd4 45. Bxd4 Nf3+ 46. Kf2
Nxd4 47. Ra4 1-0

[Event "IX Festival A"]
[Site "Trieste ITA"]
[Date "2007.09.02"]
[Round "3"]
[White "Riondino, Michele"]
[Black "Heikkila, Antti"]
[Result "1-0"]
[WhiteElo "1991"]
[BlackElo "2071"]
[PlyCount "63"]
[EventDate "2007.09.01"]

1. e4 d6 2. d4 Nf6 3. Nc3 g6 4. Be3 c6 5. Qd2 b5 6. Bd3 a6 7. Nf3 Bg4 8. Bh6
Bxf3 9. gxf3 Bxh6 10. Qxh6 e5 11. dxe5 dxe5 12. O-O-O Nbd7 13. f4 Qe7 14. fxe5
Ng4 15. Qf4 Ndxe5 16. Be2 Qf6 17. Qxf6 Nxf6 18. f4 Ned7 19. Rd6 Ke7 20. e5 Nd5
21. Nxd5+ cxd5 22. Rxd5 Ra7 23. Rhd1 Rc8 24. Rxd7+ Rxd7 25. Rxd7+ Kxd7 26. Bg4+
Kd8 27. Bxc8 Kxc8 28. Kd2 Kc7 29. Ke3 Kc6 30. Ke4 a5 31. c4 b4 32. b3 1-0

[Event "IX Festival A"]
[Site "Trieste ITA"]
[Date "2007.09.02"]
[Round "3"]
[White "Schlosser, Philipp"]
[Black "Baklan, Vladimir"]
[Result "0-1"]
[WhiteElo "2562"]
[BlackElo "2648"]
[PlyCount "58"]
[EventDate "2007.09.01"]

1. c4 Nf6 2. Nc3 e5 3. Nf3 Nc6 4. d4 exd4 5. Nxd4 Bb4 6. g3 Ne4 7. Qd3 Nc5 8.
Qe3+ Ne6 9. Nc2 d5 10. cxd5 Qxd5 11. f3 Qf5 12. Qd2 O-O 13. Nxb4 Nxb4 14. Ne4
Qa5 15. Kf2 f5 16. a3 fxe4 17. Qxb4 Qd5 18. Bg2 Nd4 19. Rd1 c5 20. Qc3 exf3 21.
exf3 Bh3 22. Bh1 Rae8 23. Qd3 Bf5 24. Qf1 Be4 25. Bf4 Bxf3 26. Rxd4 Qxd4+ 27.
Kxf3 g5 28. Rd1 Rxf4+ 29. gxf4 Qxf4+ 0-1

[Event "IX Festival A"]
[Site "Trieste ITA"]
[Date "2007.09.02"]
[Round "3"]
[White "Tocchioni, Doriano"]
[Black "Plani, Andrea"]
[Result "1-0"]
[WhiteElo "2261"]
[BlackElo "1906"]
[PlyCount "56"]
[EventDate "2007.09.01"]

1. d4 Nc6 2. d5 Ne5 3. f4 Ng6 4. Nf3 e6 5. dxe6 fxe6 6. e4 Bc5 7. Nc3 a6 8. Bd3
Nf6 9. e5 Ng4 10. Ne4 Ne3 11. Bxe3 Bxe3 12. g3 d5 13. Neg5 Ne7 14. Bxh7 c5 15.
Qd3 Qa5+ 16. Ke2 d4 17. Bg6+ Kd7 18. Bf7 Kc7 19. Bxe6 Kb6 20. b4 cxb4 21. Nxd4
Bxe6 22. Ngxe6 Nd5 23. Nb3 Qb5 24. Qxb5+ Kxb5 25. Rad1 Nc3+ 26. Kxe3 Nxd1+ 27.
Rxd1 Rac8 28. h4 Rxc2 1-0

[Event "IX Festival A"]
[Site "Trieste ITA"]
[Date "2007.09.02"]
[Round "3"]
[White "Tonel, Giulia"]
[Black "Milazzo, Mario"]
[Result "1/2-1/2"]
[WhiteElo "1934"]
[BlackElo "1971"]
[PlyCount "102"]
[EventDate "2007.09.01"]

1. e4 e5 2. Nf3 Nc6 3. Bc4 Nf6 4. d3 Be7 5. c3 O-O 6. O-O d5 7. exd5 Nxd5 8.
Re1 Bg4 9. h3 Bh5 10. Nbd2 Nb6 11. g4 Bg6 12. Nxe5 Nxe5 13. Rxe5 Bd6 14. Re3
Re8 15. Rxe8+ Qxe8 16. d4 Qe7 17. Bf1 c5 18. Nf3 cxd4 19. Nxd4 Rd8 20. Be3 Qe5
21. Nf3 Qe4 22. Qe2 h5 23. Bxb6 axb6 24. Qxe4 Bxe4 25. Bg2 hxg4 26. hxg4 Bxf3
27. Bxf3 Be7 28. Re1 Kf8 29. Kf1 Rd7 30. Ke2 g6 31. Be4 Bg5 32. Rd1 Re7 33. Kd3
Rc7 34. Kc2 Ke7 35. Kb3 Ke6 36. Rd5 Bf4 37. Rb5 Kd7 38. Rxb6 Kc8 39. Bd5 Be5
40. c4 Bd4 41. Rd6 Be5 42. Rb6 Bd4 43. Rb4 Bxf2 44. Ra4 Kb8 45. Kc2 f5 46. gxf5
gxf5 47. Ra3 f4 48. Rf3 Be3 49. b4 b6 50. Kb3 Rh7 51. Kc3 Kc7 1/2-1/2

[Event "IX Festival A"]
[Site "Trieste ITA"]
[Date "2007.09.02"]
[Round "3"]
[White "Tonon, Alessandro"]
[Black "Drazic, Sinisa"]
[Result "0-1"]
[WhiteElo "2186"]
[BlackElo "2480"]
[PlyCount "70"]
[EventDate "2007.09.01"]

1. d4 Nf6 2. c4 g6 3. Nc3 d5 4. Nf3 Bg7 5. e3 O-O 6. cxd5 Nxd5 7. Bc4 Nxc3 8.
bxc3 c5 9. O-O Qc7 10. Qe2 Nc6 11. Rd1 b6 12. Bb2 Bg4 13. Rac1 Rad8 14. h3 Bc8
15. e4 Na5 16. Bd3 e5 17. Bb1 f6 18. Ba3 Be6 19. d5 Bd7 20. Bd3 Nb7 21. Nd2 Bh6
22. Rc2 Ba4 23. Nb3 Nd6 24. c4 f5 25. exf5 e4 26. fxg6 exd3 27. Qe6+ Kh8 28.
Rxd3 Rde8 29. Bb2+ Bg7 30. Bxg7+ Kxg7 31. Qg4 Re1+ 32. Kh2 hxg6 33. Rg3 Rf6 34.
Rf3 Ne4+ 35. g3 Bd7 0-1

[Event "IX Festival A"]
[Site "Trieste ITA"]
[Date "2007.09.03"]
[Round "4"]
[White "Bagaturov, Giorgi"]
[Black "Schlosser, Philipp"]
[Result "1/2-1/2"]
[WhiteElo "2474"]
[BlackElo "2562"]
[PlyCount "71"]
[EventDate "2007.09.01"]

1. d4 d5 2. c4 dxc4 3. e3 e5 4. Bxc4 exd4 5. exd4 Bd6 6. Nf3 Nf6 7. O-O O-O 8.
h3 h6 9. Nc3 Nc6 10. Be3 a6 11. Rc1 Bf5 12. Nh4 Be6 13. Bxe6 fxe6 14. Qb3 Qd7
15. Rfd1 Qf7 16. Qxb7 Na5 17. Qf3 g5 18. d5 gxh4 19. Bxh6 Nc4 20. Bxf8 Rxf8 21.
Ne4 Ne5 22. Qxf6 Qxf6 23. Nxf6+ Rxf6 24. dxe6 Rxe6 25. Rd4 Ng6 26. Kf1 Re5 27.
Rcd1 Ra5 28. a3 Rb5 29. b4 a5 30. bxa5 Rxa5 31. a4 Kf7 32. Rb1 Rc5 33. Rbd1 Nf4
34. Re4 Rf5 35. Re3 Kg6 36. Re4 1/2-1/2

[Event "IX Festival A"]
[Site "Trieste ITA"]
[Date "2007.09.03"]
[Round "4"]
[White "Barletta, Mauro"]
[Black "Riondino, Michele"]
[Result "1/2-1/2"]
[WhiteElo "2257"]
[BlackElo "1991"]
[PlyCount "119"]
[EventDate "2007.09.01"]

1. c4 Nf6 2. g3 g6 3. Bg2 Bg7 4. Nc3 O-O 5. e4 d6 6. Nge2 c5 7. a3 Be6 8. d3
Qc8 9. Nf4 Bg4 10. f3 Bd7 11. Be3 Nc6 12. h4 Bh6 13. Qd2 Bxf4 14. Bxf4 Nh5 15.
Ne2 Nxf4 16. gxf4 f5 17. h5 Qd8 18. Qc3 Qa5 19. Qxa5 Nxa5 20. Rh4 Nb3 21. Rb1
b5 22. Nc1 bxc4 23. dxc4 Nxc1 24. Rxc1 Rab8 25. Rc2 Bc6 26. Re2 fxe4 27. fxe4
e5 28. hxg6 Rxf4 29. Rxh7 Rb7 30. Rxb7 Bxb7 31. Kd2 a5 32. Kd3 Rg4 33. Bh3 Rxg6
34. Bf5 Rg3+ 35. Kc2 Kf7 36. Rh2 Kf6 37. Rh7 Rg7 38. Rh6+ Kg5 39. Rxd6 Kf4 40.
Rd5 Bxd5 41. cxd5 Rg2+ 42. Kc3 Kg5 43. b3 Kf6 44. d6 Kf7 45. Kc4 Rd2 46. Kxc5
Ke8 47. d7+ Kd8 48. Kb5 Rd3 49. b4 Rxa3 50. bxa5 Rb3+ 51. Kc4 Rb1 52. a6 Ra1
53. Kd5 Rxa6 54. Kxe5 Ke7 55. Kd5 Rd6+ 56. Kc5 Rd2 57. Kc6 Rc2+ 58. Kd5 Rd2+
59. Kc6 Rc2+ 60. Kd5 1/2-1/2

[Event "IX Festival A"]
[Site "Trieste ITA"]
[Date "2007.09.03"]
[Round "4"]
[White "Borisek, Jure"]
[Black "Mazi, Leon"]
[Result "1-0"]
[WhiteElo "2506"]
[BlackElo "2352"]
[PlyCount "87"]
[EventDate "2007.09.01"]

1. e4 e5 2. Nf3 Nc6 3. Bb5 a6 4. Ba4 Nf6 5. O-O Be7 6. Re1 b5 7. Bb3 d6 8. c3
O-O 9. h3 Nb8 10. d4 Nbd7 11. Nbd2 Bb7 12. Bc2 Re8 13. Nf1 Bf8 14. Ng3 g6 15.
Bg5 h6 16. Bd2 c5 17. d5 c4 18. b4 cxb3 19. axb3 Qc7 20. Bd3 Reb8 21. c4 Nc5
22. Ba5 Qe7 23. Bf1 bxc4 24. Bxc4 Bc8 25. Nd2 h5 26. Nf3 Bh6 27. Bc3 Bd7 28. b4
Na4 29. Rxa4 Bxa4 30. Qxa4 Rc8 31. Bd2 h4 32. Bxh6 hxg3 33. Bd3 gxf2+ 34. Kxf2
Rc3 35. Bb1 Nh5 36. Be3 Qb7 37. Kg1 Rac8 38. Kh2 R8c4 39. Bd2 Qb6 40. Rf1 Qb8
41. Qxa6 Qxb4 42. Qa8+ Kg7 43. Bh6+ Kh7 44. Ng5+ 1-0

[Event "IX Festival A"]
[Site "Trieste ITA"]
[Date "2007.09.03"]
[Round "4"]
[White "Bussa, Paolo"]
[Black "Brunello, Sabino"]
[Result "0-1"]
[WhiteElo "1891"]
[BlackElo "2475"]
[PlyCount "56"]
[EventDate "2007.09.01"]

1. d4 Nf6 2. c4 e6 3. Nc3 Bb4 4. Bd2 d5 5. Nf3 O-O 6. e3 b6 7. cxd5 exd5 8. Bd3
Bb7 9. O-O Nbd7 10. Rc1 a6 11. Re1 Re8 12. a3 Bd6 13. Na2 Ne4 14. Bb4 c5 15.
dxc5 bxc5 16. Bxe4 Rxe4 17. Bc3 a5 18. Qd2 a4 19. Rb1 Bc7 20. Qd1 Ra6 21. b4
axb3 22. Rxb3 Ba8 23. Qa1 Rg6 24. Nc1 Reg4 25. g3 d4 26. Nxd4 cxd4 27. Bxd4 Nf8
28. Nd3 Qd5 0-1

[Event "IX Festival A"]
[Site "Trieste ITA"]
[Date "2007.09.03"]
[Round "4"]
[White "Drazic, Sinisa"]
[Black "Capaliku, Aleks"]
[Result "1-0"]
[WhiteElo "2480"]
[BlackElo "2112"]
[PlyCount "45"]
[EventDate "2007.09.01"]

1. e4 e5 2. Bc4 Bc5 3. Nf3 Nc6 4. O-O Nf6 5. d3 a6 6. a3 O-O 7. Be3 Ba7 8. Nc3
d6 9. h3 Be6 10. Bxa7 Rxa7 11. Re1 Ne7 12. b4 b6 13. Qb1 Qd7 14. Qb3 Bxh3 15.
gxh3 Qxh3 16. Bxf7+ Kh8 17. Qe6 Ng4 18. Qxe7 Rfa8 19. Qh4 Qxf3 20. Bh5 Qxf2+
21. Qxf2 Nxf2 22. Kg2 g6 23. Rf1 1-0

[Event "IX Festival A"]
[Site "Trieste ITA"]
[Date "2007.09.03"]
[Round "4"]
[White "Efimov, Igor"]
[Black "Bosiocic, Marin"]
[Result "1-0"]
[WhiteElo "2426"]
[BlackElo "2496"]
[PlyCount "107"]
[EventDate "2007.09.01"]

1. d4 Nf6 2. c4 g6 3. Nc3 Bg7 4. e4 d6 5. Bd3 O-O 6. Nge2 Nc6 7. O-O Nh5 8. Bc2
e5 9. d5 Ne7 10. Kh1 f5 11. exf5 gxf5 12. Ng1 Nf4 13. g3 Nfg6 14. f4 c5 15. Nf3
e4 16. Ne1 a6 17. a4 Bd7 18. a5 b5 19. axb6 Qxb6 20. Ra3 Bd4 21. Ng2 Rf7 22.
Ne3 Raf8 23. Bd2 Kh8 24. Qa1 Bc8 25. Bd1 Ng8 26. Nc2 Bg7 27. Qa2 Nf6 28. Na4
Qc7 29. b4 Nd7 30. bxc5 dxc5 31. Be2 Ne7 32. Rb3 Rf6 33. Qa3 Rg8 34. Be3 Bf8
35. Rd1 Ng6 36. Rdb1 h6 37. R3b2 Rf7 38. Nb6 Kh7 39. Nxc8 Qxc8 40. Rb7 Rgg7 41.
Bd2 Re7 42. Ne3 Rgf7 43. Qxa6 Nb8 44. Rxe7 Nxa6 45. Rxf7+ Kg8 46. Rf6 Ne7 47.
Bh5 Nb4 48. d6 Nec6 49. Nxf5 Qa8 50. Bc3 Na2 51. Ba1 Ncb4 52. d7 Qb7 53. Nxh6+
Bxh6 54. Rxh6 1-0